Urbanization in India: challenges and opportunities (Record no. 388059)

000 -LEADER
fixed length control field 00375cam a22001337a 4500
008 - FIXED-LENGTH DATA ELEMENTS--GENERAL INFORMATION
fixed length control field 180718b1998 xxu||||| |||| 00| 0 eng d
020 ## - INTERNATIONAL STANDARD BOOK NUMBER
International Standard Book Number 8186030662
082 ## - DEWEY DECIMAL CLASSIFICATION NUMBER
Classification number B131x54 M691
100 ## - MAIN ENTRY--PERSONAL NAME
Personal name Misra, R.P.
245 ## - TITLE STATEMENT
Title Urbanization in India: challenges and opportunities
Statement of responsibility, etc. by R.P Misra
260 ## - PUBLICATION, DISTRIBUTION, ETC.
Place of publication, distribution, etc. New Delhi
Name of publisher, distributor, etc. Regency
Date of publication, distribution, etc. 1998
300 ## - PHYSICAL DESCRIPTION
Extent 106p.
650 ## - SUBJECT ADDED ENTRY--TOPICAL TERM
Topical term or geographic name entry element Urbanization - India
Holdings
Withdrawn status Lost status Damaged status Not for loan Permanent Location Current Location Date acquired Full call number Barcode Date last seen Price effective from Koha item type
        Indian Institute of Public Administration Indian Institute of Public Administration 1998-12-10 B131x54 M691 DA6135 2018-07-21 2018-07-21 DA

Powered by Koha